[Event "Sant Adria de Besos op-B 5th"]
[Site "Sant Adria de Besos"]
[Date "2023.08.16"]
[Round "7"]
[White "Busquets Xapelli, David"]
[Black "Cabrera Marmol, Manel"]
[Result "0-1"]
[WhiteElo "1321"]
[BlackElo "1532"]
[PlyCount "52"]
[EventDate "2023.08.11"]
[EventType "swiss"]
[EventRounds "9"]
[EventCountry "ESP"]
[SourceTitle "EXT 2024"]
[Source "ChessBase"]
[SourceDate "2023.10.10"]
[SourceVersion "1"]
[SourceVersionDate "2023.10.10"]
[SourceQuality "1"]

1. e4 e5 2. Nf3 Nf6 3. d4 exd4 4. e5 Ne4 5. Qxd4 d5 6. exd6 Nxd6 7. Bf4 Be7 8. Qxg7 Bf6 9. Qh6 Qe7+ 10. Kd2 Bxb2 11. Bxd6 Qxd6+ 12. Qxd6 cxd6 13. Bb5+ Bd7 14. Bxd7+ Kxd7 15. Nc3 Bxa1 16. Rxa1 Nc6 17. Ke3 Rae8+ 18. Kf4 Re6 19. Rb1 Kc8 20. Ng5 Rf6+ 21. Ke3 Re8+ 22. Nge4 Rfe6 23. Kd3 d5 24. Nc5 Ne5+ 25. Kd4 Rb6 26. Re1 Nc6+ 0-1

[Event "Barcelona Sant Marti op-B 23rd"]
[Site "Barcelona"]
[Date "2023.07.16"]
[Round "4"]
[White "Cabrera Marmol, Manel"]
[Black "Colome Rovira, Oscar"]
[Result "0-1"]
[WhiteElo "1563"]
[BlackElo "1758"]
[PlyCount "70"]
[EventDate "2023.07.13"]
[EventType "swiss"]
[EventRounds "9"]
[EventCountry "ESP"]
[SourceTitle "CBM 215 Extra"]
[Source "ChessBase"]
[SourceDate "2023.09.30"]
[SourceVersion "1"]
[SourceVersionDate "2023.09.30"]
[SourceQuality "1"]

1. e4 c5 2. d4 cxd4 3. c3 e5 4. Bc4 Qc7 5. Qb3 d5 6. exd5 a6 7. Bd2 Nf6 8. Nf3 b5 9. Be2 d3 10. Bd1 Bd6 11. a4 Bb7 12. axb5 Bxd5 13. b6 Qb7 14. c4 Bxf3 15. gxf3 Bc5 16. Be3 Bxe3 17. fxe3 Nbd7 18. Qxd3 Qxb6 19. b3 Nc5 20. Qc3 0-0 21. b4 Ne6 22. c5 Qc7 23. Be2 Nd5 24. Qd2 Qc6 25. Bxa6 Nxb4 26. Qxb4 Rfb8 27. Qc4 Rxa6 28. Rxa6 Rxb1+ 29. Kf2 Rb2+ 30. Kg3 Qd7 31. c6 Qd2 32. Ra8+ Nf8 33. Qf1 g5 34. Qg1 Qb4 35. Kh3 Qh4# 0-1

[Event "Barcelona Sant Marti op-B 23rd"]
[Site "Barcelona"]
[Date "2023.07.14"]
[Round "2"]
[White "Cabrera Marmol, Manel"]
[Black "Reyes Marin, Raul"]
[Result "0-1"]
[WhiteElo "1563"]
[BlackElo "1725"]
[PlyCount "57"]
[EventDate "2023.07.13"]
[EventType "swiss"]
[EventRounds "9"]
[EventCountry "ESP"]
[SourceTitle "CBM 215 Extra"]
[Source "ChessBase"]
[SourceDate "2023.09.30"]
[SourceVersion "1"]
[SourceVersionDate "2023.09.30"]
[SourceQuality "1"]

1. e4 e5 2. d4 exd4 3. c3 d5 4. exd5 Qxd5 5. cxd4 Nc6 6. Nf3 Bg4 7. Be2 0-0-0 8. Nc3 Qa5 9. Be3 Bb4 10. Qb3 Be6 11. Bc4 Nf6 12. Bxe6+ fxe6 13. Qxe6+ Kb8 14. Qb3 Nd5 15. 0-0 Bxc3 16. bxc3 Qxc3 17. Rab1 Qxb3 18. Rxb3 Na5 19. Rb5 Nc4 20. Bg5 Rd6 21. Ne5 Nc3 22. Rc5 Ne2+ 23. Kh1 Nxe5 24. dxe5 Re6 25. Re1 h6 26. Bh4 Nf4 27. Rc4 g5 28. Bg3 Nd3 29. Re3 0-1

[Event "Barcelona La Lira op 39th"]
[Site "Barcelona"]
[Date "2023.03.10"]
[Round "8"]
[White "Cabrera Marmol, Manel"]
[Black "Nadal Fajardo, Ricard"]
[Result "1-0"]
[WhiteElo "1675"]
[BlackElo "2018"]
[PlyCount "38"]
[EventDate "2023.01.20"]
[EventType "swiss"]
[EventRounds "8"]
[EventCountry "ESP"]
[SourceTitle "CBM 213 Extra"]
[Source "ChessBase"]
[SourceDate "2023.05.31"]
[SourceVersion "1"]
[SourceVersionDate "2023.05.31"]
[SourceQuality "1"]

1. e4 c6 2. d4 d5 3. exd5 cxd5 4. c4 Nf6 5. Nc3 e6 6. c5 b6 7. Be3 bxc5 8. dxc5 Nc6 9. Bb5 Bd7 10. Nf3 Be7 11. a3 0-0 12. b4 Ng4 13. Bf4 Bf6 14. Rc1 Nce5 15. 0-0 Bxb5 16. Nxb5 Nc4 17. h3 Nge5 18. Qe2 Nxf3+ 19. Qxf3 e5 1-0

[Event "Barcelona Sant Marti op 10th"]
[Site "Barcelona"]
[Date "2023.03.02"]
[Round "8"]
[White "Cabrera Marmol, Manel"]
[Black "Vazquez Sanchez, Juan Antonio"]
[Result "1-0"]
[WhiteElo "1675"]
[BlackElo "1261"]
[PlyCount "21"]
[EventDate "2023.01.12"]
[EventType "swiss"]
[EventRounds "9"]
[EventCountry "ESP"]
[SourceTitle "CBM 213 Extra"]
[Source "ChessBase"]
[SourceDate "2023.05.31"]
[SourceVersion "1"]
[SourceVersionDate "2023.05.31"]
[SourceQuality "1"]

1. e4 e5 2. d4 exd4 3. c3 dxc3 4. Nxc3 d6 5. Bc4 Be7 6. Qb3 Nh6 7. Bxh6 gxh6 8. Bxf7+ Kf8 9. Bh5 d5 10. Nxd5 Bg5 11. Qf3+ 1-0

[Event "Barcelona La Lira op 39th"]
[Site "Barcelona"]
[Date "2023.02.17"]
[Round "5"]
[White "Gomez Paredes, Isaac"]
[Black "Cabrera Marmol, Manel"]
[Result "1-0"]
[WhiteElo "1507"]
[BlackElo "1675"]
[PlyCount "117"]
[EventDate "2023.01.20"]
[EventType "swiss"]
[EventRounds "8"]
[EventCountry "ESP"]
[SourceTitle "CBM 213 Extra"]
[Source "ChessBase"]
[SourceDate "2023.05.31"]
[SourceVersion "1"]
[SourceVersionDate "2023.05.31"]
[SourceQuality "1"]

1. d4 d5 2. Nf3 Nf6 3. Bg5 e6 4. Nbd2 h6 5. Bh4 c6 6. c3 Nbd7 7. e3 Bd6 8. Bd3 Qc7 9. e4 e5 10. Bxf6 Nxf6 11. dxe5 Bxe5 12. exd5 Nxd5 13. 0-0 0-0 14. Nxe5 Qxe5 15. Re1 Qg5 16. Nf3 Qf6 17. Bc4 Nb6 18. Bb3 Bg4 19. Re3 Rad8 20. Qe2 Nd5 21. Bxd5 Rxd5 22. h3 Bxf3 23. Rxf3 Qd6 24. Qe3 Rd2 25. b4 b6 26. a4 Rd8 27. Qf4 Qxf4 28. Rxf4 Rc2 29. c4 Rdd2 30. b5 c5 31. a5 Rd4 32. axb6 axb6 33. Ra8+ Kh7 34. Rxf7 Rd6 35. Raa7 Rg6 36. Rf4 Rd2 37. Rb7 Rdd6 38. Kf1 Rge6 39. g4 Rf6 40. Rxf6 Rxf6 41. Ke2 Rd6 42. f4 h5 43. f5 hxg4 44. hxg4 Kh6 45. Ke3 g6 46. Ke4 gxf5+ 47. gxf5 Rd4+ 48. Ke5 Rxc4 49. Rxb6+ Kg5 50. Rg6+ Kh5 51. Kd5 Rf4 52. Rc6 Rxf5+ 53. Kc4 Rf1 54. Kxc5 Kg5 55. b6 Kf5 56. b7 Rb1 57. Rb6 Rc1+ 58. Kd6 Rd1+ 59. Kc7 1-0

[Event "Barcelona La Lira op 39th"]
[Site "Barcelona"]
[Date "2023.02.10"]
[Round "4"]
[White "Cabrera Marmol, Manel"]
[Black "Creixans Comerma, Pol"]
[Result "0-1"]
[WhiteElo "1675"]
[BlackElo "1928"]
[PlyCount "46"]
[EventDate "2023.01.20"]
[EventType "swiss"]
[EventRounds "8"]
[EventCountry "ESP"]
[SourceTitle "CBM 213 Extra"]
[Source "ChessBase"]
[SourceDate "2023.05.31"]
[SourceVersion "1"]
[SourceVersionDate "2023.05.31"]
[SourceQuality "1"]

1. e4 c5 2. d4 cxd4 3. c3 d3 4. Bxd3 Nc6 5. Nf3 d6 6. Be3 Nf6 7. h3 g6 8. 0-0 Bg7 9. Qd2 h6 10. Na3 Nd7 11. Rac1 Nde5 12. Nxe5 Nxe5 13. Bb1 Be6 14. c4 g5 15. Rfd1 Bxh3 16. Bd4 Bg4 17. Rf1 Qd7 18. f4 gxf4 19. Qxf4 Nf3+ 20. gxf3 Bxd4+ 21. Kh1 Bh3 22. Rcd1 Bxf1 23. Rxf1 Qh3+ 0-1

[Event "Barcelona Sant Marti op 10th"]
[Site "Barcelona"]
[Date "2023.01.12"]
[Round "1"]
[White "Munoz Pantoja, Miguel Angel"]
[Black "Cabrera Marmol, Manel"]
[Result "1-0"]
[WhiteElo "2359"]
[BlackElo "1675"]
[PlyCount "91"]
[EventDate "2023.01.12"]
[EventType "swiss"]
[EventRounds "9"]
[EventCountry "ESP"]
[SourceTitle "CBM 213 Extra"]
[Source "ChessBase"]
[SourceDate "2023.05.31"]
[SourceVersion "1"]
[SourceVersionDate "2023.05.31"]
[SourceQuality "1"]

1. e4 e5 2. d4 exd4 3. Qxd4 Nc6 4. Qe3 Bb4+ 5. Bd2 Qe7 6. Nc3 Nf6 7. 0-0-0 d6 8. f3 h6 9. Bb5 Bd7 10. Bxc6 Bxc6 11. Nge2 a6 12. Nd4 Bd7 13. Nb3 a5 14. Nb1 Be6 15. a3 Bxd2+ 16. Rxd2 0-0 17. Nd4 Bd7 18. g4 Nh7 19. h4 d5 20. Nc3 c6 21. Re2 Rae8 22. Qd2 dxe4 23. Nxe4 c5 24. g5 Be6 25. Nxe6 fxe6 26. gxh6 Rxf3 27. Rg2 Ref8 28. Rxg7+ Qxg7 29. hxg7 Rf1+ 30. Qe1 Rxe1+ 31. Rxe1 Rf5 32. Nd6 Rh5 33. Nxb7 c4 34. Rxe6 Kxg7 35. Rc6 Rxh4 36. Nxa5 Nf6 37. Rxc4 Ne4 38. b4 Rh1+ 39. Kb2 Nd6 40. Rd4 Rh6 41. Nc4 Nb5 42. Rd5 Rc6 43. Ne5 Rb6 44. c4 Nxa3 45. Kxa3 Kf6 46. Nd7+ 1-0

[Event "Barcelona Sant Marti op-B 22nd"]
[Site "Barcelona"]
[Date "2022.07.20"]
[Round "8"]
[White "Kalagara, Aniketh"]
[Black "Cabrera Marmol, Manel"]
[Result "1-0"]
[WhiteElo "1356"]
[BlackElo "1691"]
[PlyCount "73"]
[EventDate "2022.07.13"]
[EventType "swiss"]
[EventRounds "9"]
[EventCountry "ESP"]
[SourceTitle "CBM 210 Extra"]
[Source "ChessBase"]
[SourceDate "2022.11.30"]
[SourceVersion "1"]
[SourceVersionDate "2022.11.30"]
[SourceQuality "1"]

1. d4 d5 2. Bf4 Bg4 3. Nf3 e6 4. c4 c6 5. Qb3 Qb6 6. c5 Qa5+ 7. Nc3 b5 8. Bxb8 Rxb8 9. Ne5 Ne7 10. Nxg4 Nf5 11. e3 Qc7 12. Ne5 f6 13. Nxc6 Rb7 14. Nb4 Kf7 15. Bd3 Nh4 16. 0-0 h5 17. Qd1 g5 18. g3 Ng6 19. Bxg6+ Kxg6 20. Qf3 Qh7 21. e4 g4 22. Qd3 h4 23. exd5+ f5 24. dxe6 hxg3 25. Qxg3 Qg8 26. Nbd5 Rbh7 27. Nf4+ Kg5 28. Nce2 Rxh2 29. Qxh2 Rxh2 30. Kxh2 Bg7 31. Kg3 Bf6 32. Rh1 Bd8 33. Rh5+ Kf6 34. Rah1 Bc7 35. Rh6+ Ke7 36. Rh7+ Kf6 37. Rf7+ 1-0

[Event "Barcelona Sant Marti op-B 22nd"]
[Site "Barcelona"]
[Date "2022.07.14"]
[Round "2"]
[White "Balague Orduna, Enric"]
[Black "Cabrera Marmol, Manel"]
[Result "1-0"]
[WhiteElo "1924"]
[BlackElo "1691"]
[PlyCount "99"]
[EventDate "2022.07.13"]
[EventType "swiss"]
[EventRounds "9"]
[EventCountry "ESP"]
[SourceTitle "CBM 210 Extra"]
[Source "ChessBase"]
[SourceDate "2022.11.30"]
[SourceVersion "1"]
[SourceVersionDate "2022.11.30"]
[SourceQuality "1"]

1. d4 d5 2. e3 Nf6 3. Bd3 Bg4 4. f3 Bh5 5. Ne2 e6 6. 0-0 c5 7. c3 c4 8. Bc2 Bd6 9. e4 dxe4 10. fxe4 Bc7 11. Bg5 Bxh2+ 12. Kh1 Bc7 13. e5 h6 14. Bh4 g5 15. Rxf6 gxh4 16. Qe1 h3 17. Ng3 hxg2+ 18. Kg1 Bg4 19. Na3 Nd7 20. Ba4 a6 21. Bxd7+ Qxd7 22. Nxc4 0-0-0 23. Ne4 Kb8 24. Ncd6 Rdf8 25. Nxb7 Bxe5 26. Nec5 Bxd4+ 27. cxd4 Qxd4+ 28. Qf2 Qxf2+ 29. Rxf2 h5 30. Rc1 e5 31. Nd6 f6 32. Nxa6+ Ka7 33. Nc5 h4 34. Rxg2 f5 35. b4 h3 36. Rh2 Bf3 37. Kf2 Rh6 38. Nb5+ Ka8 39. Kxf3 e4+ 40. Kf2 Rg8 41. Rch1 Rh4 42. Rxh3 Rf4+ 43. Ke3 Rfg4 44. Rh8 Rg3+ 45. Kd4 Kb8 46. Rxg8+ Rxg8 47. Ke5 Rd8 48. Kxf5 e3 49. Kf4 e2 50. Kf3 1-0

[Event "Barcelona Sant Marti op 9th"]
[Site "Barcelona"]
[Date "2020.02.27"]
[Round "7"]
[White "Bernat, Ernest"]
[Black "Cabrera Marmol, Manel"]
[Result "1/2-1/2"]
[WhiteElo "1815"]
[BlackElo "1620"]
[PlyCount "35"]
[EventDate "2020.01.16"]
[EventType "swiss"]
[EventRounds "9"]
[EventCountry "ESP"]
[SourceTitle "CBM 195 Extra"]
[Source "ChessBase"]
[SourceDate "2020.05.31"]
[SourceVersion "1"]
[SourceVersionDate "2020.05.31"]
[SourceQuality "1"]

1. e4 e5 2. Nf3 Nf6 3. Nc3 Nc6 4. Bb5 Nd4 5. Ba4 c6 6. d3 d6 7. h3 b5 8. Bb3 Nxb3 9. axb3 Be6 10. Bg5 Be7 11. Ne2 h6 12. Bh4 Nh5 13. Bxe7 Qxe7 14. g4 Nf4 15. Nxf4 exf4 16. Qd2 Qf6 17. Qc3 Qxc3+ 18. bxc3 1/2-1/2

[Event "Barcelona La Lira op 38th"]
[Site "Barcelona"]
[Date "2020.02.14"]
[Round "5"]
[White "Escribano Rodriguez, Pedro"]
[Black "Cabrera Marmol, Manel"]
[Result "1-0"]
[WhiteElo "1915"]
[BlackElo "1620"]
[PlyCount "115"]
[EventDate "2020.01.17"]
[EventType "swiss"]
[EventRounds "8"]
[EventCountry "ESP"]
[SourceTitle "CBM 195 Extra"]
[Source "ChessBase"]
[SourceDate "2020.05.31"]
[SourceVersion "1"]
[SourceVersionDate "2020.05.31"]
[SourceQuality "1"]

1. c4 e5 2. Nc3 Nf6 3. Nf3 e4 4. Ng5 d5 5. cxd5 Nxd5 6. Ngxe4 Nc6 7. e3 Nxc3 8. Nxc3 a6 9. d4 Bd6 10. g3 h5 11. h4 Bg4 12. Be2 Qd7 13. Ne4 Be7 14. f3 Bf5 15. Bd2 0-0-0 16. Qa4 Qe6 17. Nf2 Qg6 18. Rg1 Rhe8 19. 0-0-0 Nb8 20. e4 Bd7 21. Qc2 Nc6 22. Bf4 Bd6 23. Be3 Nb4 24. Qb3 Nc6 25. Nd3 Nb8 26. Kb1 Bb5 27. a4 Bd7 28. d5 f5 29. Bg5 Be7 30. Bxe7 Rxe7 31. e5 Rf8 32. f4 b6 33. e6 Bxe6 34. dxe6 Rxe6 35. Ne5 Qe8 36. Bf3 Qe7 37. Rd4 Rd8 38. Rgd1 Rxd4 39. Rxd4 Rd6 40. Rxd6 cxd6 41. Qg8+ Kc7 42. Qf7 Qxf7 43. Nxf7 Nd7 44. Kc2 Nc5 45. b3 Kd7 46. Kc3 Ke7 47. Ng5 g6 48. Bc6 a5 49. Bd5 Nd7 50. Kc4 Nc5 51. Kb5 Nd7 52. Bc6 Nc5 53. Kxb6 Nxb3 54. Bd5 Nd2 55. Kxa5 Nf1 56. Kb6 Nxg3 57. a5 Ne2 58. a6 1-0

[Event "Barcelona Sant Marti op 9th"]
[Site "Barcelona"]
[Date "2020.01.16"]
[Round "1"]
[White "Busom Isach, Carlos"]
[Black "Cabrera Marmol, Manel"]
[Result "1-0"]
[WhiteElo "2060"]
[BlackElo "1620"]
[PlyCount "59"]
[EventDate "2020.01.16"]
[EventType "swiss"]
[EventRounds "9"]
[EventCountry "ESP"]
[SourceTitle "CBM 195 Extra"]
[Source "ChessBase"]
[SourceDate "2020.05.31"]
[SourceVersion "1"]
[SourceVersionDate "2020.05.31"]
[SourceQuality "1"]

1. e4 e5 2. Nf3 Nf6 3. Nc3 Nc6 4. a3 a6 5. d4 exd4 6. Nxd4 Nxd4 7. Qxd4 d6 8. Bf4 Nh5 9. Be3 Qf6 10. Nd5 Qd8 11. Bg5 f6 12. Bh4 Be6 13. Be2 Bxd5 14. Bxh5+ Bf7 15. Bxf7+ Kxf7 16. Qd5+ Ke8 17. Qxb7 Rb8 18. Qxa6 Rxb2 19. 0-0 Rb6 20. Qc4 Qd7 21. a4 g5 22. Bg3 h5 23. f3 Bg7 24. Rfb1 Rxb1+ 25. Rxb1 Ke7 26. Rb7 Rc8 27. a5 Qd8 28. a6 Kd7 29. a7 Bf8 30. Qb5+ 1-0

[Event "Barcelona Sants op 21st"]
[Site "Barcelona"]
[Date "2019.08.30"]
[Round "8"]
[White "Cabrera Marmol, Manel"]
[Black "Paton Alvarez, Ivan"]
[Result "0-1"]
[WhiteElo "1537"]
[BlackElo "1544"]
[PlyCount "84"]
[EventDate "2019.08.23"]
[EventType "swiss"]
[EventRounds "10"]
[EventCountry "ESP"]
[SourceTitle "EXT 2020"]
[Source "ChessBase"]
[SourceDate "2019.10.17"]
[SourceVersion "1"]
[SourceVersionDate "2019.10.17"]
[SourceQuality "1"]

1. e4 c5 2. d4 cxd4 3. c3 dxc3 4. Nxc3 Nc6 5. Nf3 e6 6. Bc4 Be7 7. Qe2 d6 8. 0-0 Bd7 9. Rd1 a6 10. Bf4 e5 11. Be3 Nf6 12. Nd5 Nxd5 13. Bxd5 0-0 14. Rd2 Qc7 15. h4 Bg4 16. g3 Rac8 17. Rc1 Qb8 18. Rcd1 Kh8 19. Kg2 Nb4 20. Bb3 f5 21. Bb6 fxe4 22. Qxe4 Bxf3+ 23. Qxf3 Rxf3 24. Kxf3 Rf8+ 25. Kg2 Qc8 26. Be3 Qf5 27. a3 Qf3+ 28. Kg1 Nc6 29. Bd5 Qg4 30. Kh2 g5 31. hxg5 Bxg5 32. Bxg5 Qxg5 33. Kg2 Qf6 34. Be4 Nd4 35. Bxb7 Qf5 36. f4 Rg8 37. fxe5 dxe5 38. Rf2 Qg6 39. Kf1 Qxg3 40. Rg2 Rf8+ 41. Kg1 Ne2+ 42. Kh1 Qh3+ 0-1

[Event "Barcelona Sants op 21st"]
[Site "Barcelona"]
[Date "2019.08.29"]
[Round "7"]
[White "Lambert Pont, Michael"]
[Black "Cabrera Marmol, Manel"]
[Result "0-1"]
[WhiteElo "1577"]
[BlackElo "1537"]
[PlyCount "106"]
[EventDate "2019.08.23"]
[EventType "swiss"]
[EventRounds "10"]
[EventCountry "ESP"]
[SourceTitle "EXT 2020"]
[Source "ChessBase"]
[SourceDate "2019.10.17"]
[SourceVersion "1"]
[SourceVersionDate "2019.10.17"]
[SourceQuality "1"]

1. d4 d5 2. Bf4 e6 3. Nf3 c5 4. e3 Qb6 5. Nc3 c4 6. Na4 Qa5+ 7. Nc3 Bb4 8. Nd2 Bxc3 9. bxc3 Qxc3 10. Be2 Nf6 11. 0-0 0-0 12. a3 Nc6 13. Nf3 Qa5 14. Ne5 Nxe5 15. Bxe5 Nd7 16. Bd6 Re8 17. f4 Nf6 18. Rf3 Ne4 19. Bb4 Qd8 20. g4 a5 21. Be1 b5 22. g5 f6 23. h4 fxg5 24. hxg5 g6 25. c3 Qe7 26. Qc2 Bd7 27. a4 bxa4 28. Bxc4 Nxg5 29. fxg5 dxc4 30. Bh4 Rab8 31. Raf1 Rf8 32. Rf6 Rxf6 33. gxf6 Qf7 34. Bg5 Be8 35. Bh6 Rb5 36. Bg7 Qb7 37. e4 Rb2 38. Qc1 a3 39. Qf4 Bf7 40. Qd6 Qb8 41. e5 Rb3 42. Ra1 Qxd6 43. exd6 Be8 44. d5 Kf7 45. dxe6+ Kxe6 46. Re1+ Kxd6 47. Rxe8 a2 48. f7 a1Q+ 49. Kf2 Rb2+ 50. Re2 Rxe2+ 51. Kxe2 Qb2+ 52. Ke3 Qc1+ 53. Ke2 Qc2+ 0-1

[Event "Barcelona Sants op 21st"]
[Site "Barcelona"]
[Date "2019.08.28"]
[Round "6"]
[White "Cabrera Marmol, Manel"]
[Black "Chiochia, Daniel"]
[Result "1-0"]
[WhiteElo "1537"]
[BlackElo "1320"]
[PlyCount "80"]
[EventDate "2019.08.23"]
[EventType "swiss"]
[EventRounds "10"]
[EventCountry "ESP"]
[SourceTitle "EXT 2020"]
[Source "ChessBase"]
[SourceDate "2019.10.17"]
[SourceVersion "1"]
[SourceVersionDate "2019.10.17"]
[SourceQuality "1"]

1. e4 c5 2. d4 cxd4 3. c3 dxc3 4. Nxc3 d6 5. Bc4 Nf6 6. Nf3 a6 7. e5 Nfd7 8. Bf4 e6 9. exd6 g6 10. Qe2 Bg7 11. 0-0 0-0 12. Rfd1 b5 13. Bb3 Bb7 14. Qe3 Nf6 15. h3 Re8 16. Rd2 Nbd7 17. Rad1 Rc8 18. a3 Nc5 19. Ba2 Ncd7 20. Ne5 Nxe5 21. Bxe5 Qd7 22. Qd4 Nh5 23. Bxg7 Nxg7 24. Bb1 Nf5 25. Qe5 Nh4 26. Ne4 Bxe4 27. Bxe4 Nf5 28. Bf3 Red8 29. g4 Ng7 30. Qe4 Rb8 31. Qb4 Rb6 32. Kg2 Ne8 33. a4 Rdb8 34. a5 Rxd6 35. Rxd6 Qe7 36. Qd4 Nxd6 37. Qxd6 Qe8 38. Qxa6 Rd8 39. Rxd8 Qxd8 40. Qxb5 Qd2 1-0

[Event "Barcelona Sants op 21st"]
[Site "Barcelona"]
[Date "2019.08.25"]
[Round "3"]
[White "Salvador Gomez, Jesus Francisco"]
[Black "Cabrera Marmol, Manel"]
[Result "0-1"]
[WhiteElo "1639"]
[BlackElo "1537"]
[PlyCount "158"]
[EventDate "2019.08.23"]
[EventType "swiss"]
[EventRounds "10"]
[EventCountry "ESP"]
[SourceTitle "EXT 2020"]
[Source "ChessBase"]
[SourceDate "2019.10.17"]
[SourceVersion "1"]
[SourceVersionDate "2019.10.17"]
[SourceQuality "1"]

1. c4 e5 2. g3 Nf6 3. Bg2 d5 4. cxd5 Nxd5 5. Nc3 Nb6 6. e3 c6 7. Nge2 Bg4 8. 0-0 Be7 9. f3 Be6 10. b3 Qd7 11. d4 exd4 12. Qxd4 Bf6 13. Qd2 Na6 14. Qxd7+ Bxd7 15. Bb2 0-0-0 16. Rab1 Be6 17. Na4 Nxa4 18. Bxf6 gxf6 19. bxa4 Bxa2 20. Rb2 Be6 21. Nd4 c5 22. Rc1 Kb8 23. Nxe6 fxe6 24. f4 Rd7 25. Bf1 Rd6 26. Bxa6 Rxa6 27. Rxc5 Rxa4 28. Rcb5 b6 29. Kf2 Rc8 30. Rh5 Rc7 31. Rh6 Rf7 32. Ke2 Rc4 33. Rh5 Rc6 34. e4 Rfc7 35. Rhb5 Kb7 36. Kf3 Rc5 37. h4 h5 38. Rxc5 Rxc5 39. Rd2 Rc3+ 40. Kg2 Kc7 41. e5 fxe5 42. Re2 exf4 43. gxf4 Kd6 44. Rd2+ Ke7 45. Re2 Kf6 46. Rb2 Kf5 47. Rb5+ Kxf4 48. Rxh5 e5 49. Rh6 e4 50. h5 Kg5 51. Re6 Kxh5 52. Rxe4 Kg5 53. Rb4 Kf5 54. Rb2 Ke4 55. Ra2 a5 56. Kf2 Kd4 57. Ke2 Kc4 58. Kd2 Rh3 59. Rc2+ Kb4 60. Rc6 Kb5 61. Re6 a4 62. Kc2 Ka5 63. Kb2 b5 64. Re5 a3+ 65. Ka2 Ka4 66. Rd5 b4 67. Rd4 Rh2+ 68. Ka1 Kb3 69. Rd1 Kc2 70. Rb1 b3 71. Rc1+ Kd3 72. Rd1+ Kc3 73. Rf1 Ra2+ 74. Kb1 Rd2 75. Ka1 Rc2 76. Rf3+ Kb4 77. Rf4+ Rc4 78. Rf1 a2 79. Rd1 Ka3 0-1

[Event "Barcelona Sant Marti op-B 21st"]
[Site "Barcelona"]
[Date "2019.07.18"]
[Round "6"]
[White "Cabrera Marmol, Manel"]
[Black "Recacha Delgado, Rafael"]
[Result "1-0"]
[WhiteElo "1573"]
[BlackElo "1080"]
[PlyCount "41"]
[EventDate "2019.07.13"]
[EventType "swiss"]
[EventRounds "9"]
[EventCountry "ESP"]
[SourceTitle "EXT 2020"]
[Source "ChessBase"]
[SourceDate "2019.10.17"]
[SourceVersion "1"]
[SourceVersionDate "2019.10.17"]
[SourceQuality "1"]

1. e4 e6 2. d4 d5 3. Nd2 c5 4. exd5 exd5 5. Ngf3 Bd6 6. dxc5 Bxc5 7. Nb3 Qe7+ 8. Be2 Bd6 9. 0-0 Nf6 10. Bb5+ Nc6 11. Re1 Ne4 12. Qxd5 Bf5 13. Qxf5 0-0 14. Rxe4 Qc7 15. Bf4 Ne5 16. Bxe5 g6 17. Qf6 Bxe5 18. Nxe5 a6 19. Bc4 Rae8 20. Nxf7 Rxe4 21. Qh8# 1-0

[Event "Barcelona Sant Marti op-B 21st"]
[Site "Barcelona"]
[Date "2019.07.15"]
[Round "3"]
[White "Garcia Clemente, Julian Francisco"]
[Black "Cabrera Marmol, Manel"]
[Result "1/2-1/2"]
[WhiteElo "1813"]
[BlackElo "1573"]
[PlyCount "154"]
[EventDate "2019.07.13"]
[EventType "swiss"]
[EventRounds "9"]
[EventCountry "ESP"]
[SourceTitle "EXT 2020"]
[Source "ChessBase"]
[SourceDate "2019.10.17"]
[SourceVersion "1"]
[SourceVersionDate "2019.10.17"]
[SourceQuality "1"]

1. d4 d5 2. c4 c6 3. Nc3 Nf6 4. Bg5 dxc4 5. a4 Qb6 6. Qd2 Qa5 7. Ne4 Qxd2+ 8. Nxd2 b5 9. g3 a5 10. Bg2 Ra7 11. Ngf3 Nbd7 12. Ne5 Nxe5 13. dxe5 Nd7 14. Bf4 Ra6 15. h4 e6 16. 0-0 Bb4 17. Ne4 0-0 18. Rfd1 Nc5 19. axb5 cxb5 20. Nd6 Nb3 21. Rab1 Bxd6 22. exd6 Bd7 23. Be3 Rb8 24. Be4 h6 25. h5 Kf8 26. g4 Ke8 27. g5 hxg5 28. Bxg5 f6 29. Bg6+ Kf8 30. Be3 Be8 31. d7 Bxg6 32. d8Q+ Rxd8 33. Rxd8+ Ke7 34. Rbd1 Be8 35. Rb8 e5 36. Rdd8 Bxh5 37. Rh8 Bxe2 38. Rxb5 a4 39. Rb7+ Ke6 40. Re8+ Kf5 41. Rxg7 c3 42. bxc3 a3 43. Kh2 a2 44. Rg1 a1Q 45. Rxa1 Nxa1 46. Rb8 Ra2 47. Rd8 Nc2 48. Rd2 Bf3 49. Kg3 Bb7 50. Bh6 Ke6 51. f3 Bd5 52. Kf2 Na3 53. Rxa2 Bxa2 54. Ke3 f5 55. Bf8 Nb5 56. Bb4 Kd5 57. Kd2 e4 58. fxe4+ Kxe4 59. Ba5 f4 60. Bb6 Nd6 61. Bd4 f3 62. Ke1 Nb5 63. Bf6 Kd3 64. Kf2 Bd5 65. c4 Kxc4 66. Ke3 Nd6 67. Be5 Nf5+ 68. Kf2 Kd3 69. Bf6 Nd6 70. Bh4 Nf5 71. Bf6 Ne3 72. Bh4 Ng4+ 73. Ke1 Ke4 74. Bg3 Ke3 75. Kf1 Bc4+ 76. Ke1 f2+ 77. Bxf2+ Nxf2 1/2-1/2

[Event "Barcelona CC-ch Amateurs A"]
[Site "Barcelona"]
[Date "2019.06.18"]
[Round "6"]
[White "Cabrera Marmol, Manel"]
[Black "Tortosa Moros, Joan"]
[Result "1/2-1/2"]
[WhiteElo "1607"]
[BlackElo "1656"]
[PlyCount "30"]
[EventDate "2019.06.11"]
[EventType "tourn"]
[EventRounds "9"]
[EventCountry "CAT"]
[SourceTitle "EXT 2020"]
[Source "ChessBase"]
[SourceDate "2019.10.17"]
[SourceVersion "1"]
[SourceVersionDate "2019.10.17"]
[SourceQuality "1"]

1. e4 c5 2. d4 cxd4 3. c3 dxc3 4. Nxc3 Nc6 5. Nf3 e6 6. Bc4 a6 7. 0-0 b5 8. Bb3 Bb7 9. Qe2 Bb4 10. Rd1 Nge7 11. Bg5 0-0 12. Rac1 f6 13. Be3 Rc8 14. a3 Bxc3 15. Rxc3 Qe8 1/2-1/2

[Event "Barcelona CC-ch Amateurs A"]
[Site "Barcelona"]
[Date "2019.06.11"]
[Round "1"]
[White "Alcaraz Lopez, Francesco"]
[Black "Cabrera Marmol, Manel"]
[Result "1-0"]
[WhiteElo "1850"]
[BlackElo "1607"]
[PlyCount "66"]
[EventDate "2019.06.11"]
[EventType "tourn"]
[EventRounds "9"]
[EventCountry "CAT"]
[SourceTitle "EXT 2020"]
[Source "ChessBase"]
[SourceDate "2019.10.17"]
[SourceVersion "1"]
[SourceVersionDate "2019.10.17"]
[SourceQuality "1"]

1. c4 e5 2. Nc3 Nf6 3. Nf3 Nc6 4. d3 h6 5. g3 d5 6. cxd5 Nxd5 7. Bd2 Be6 8. Bg2 Qd7 9. 0-0 Nb6 10. Rc1 Bh3 11. a3 Be7 12. b4 a6 13. Na4 Nxa4 14. Qxa4 Bxg2 15. Kxg2 0-0 16. Qb3 Bd6 17. Be3 Rfe8 18. Qc4 Re6 19. Nd2 Kh8 20. Ne4 Rc8 21. Bc5 Rb8 22. Bxd6 cxd6 23. Qd5 Ne7 24. Qb3 Nc6 25. e3 f5 26. Nc3 Ree8 27. Qd5 Ne7 28. Qf3 Rbc8 29. Nd5 Nxd5 30. Qxd5 Rc6 31. Rxc6 Qxc6 32. Qxc6 bxc6 33. Rd1 Re6 1-0